000 00223 a2200097 4500
001 47092
100 _aChurchill W
245 _aThe Second World War (Vol-III)
260 _aLondon
_bCassell & Co
_c
090 _c30154
_d30154
942 _aNUST-CAE
_cM
_c22397
999 _c282165
_d282165